| 000 | 02103nas a2200337 i 4500 | ||
|---|---|---|---|
| 001 | 173059 | ||
| 003 | ES-MaACL | ||
| 005 | 20250923161115.0 | ||
| 007 | t| | ||
| 008 | 091021c19141917sp a| | 1 ||pa d | ||
| 080 | _a3 : 061.12(460) | ||
| 110 | 2 |
_aReal Academia de Ciencias Morales y Políticas (España) _9222050 |
|
| 245 | 1 | 0 |
_aDiscursos de recepción leídos en la Real Academia de Ciencias Morales y Políticas _g1914-1917. |
| 260 |
_aMadrid : _b[s. n.], _c1914 (Est. Tip. de Jaime Ratés) |
||
| 300 |
_a1 v. ; _c26 cm. |
||
| 505 | 8 | _aContiene: T. XI: Abenmasarra y su escuela: orígenes de la filosofía hispano-musulmana / Miguel Asín Palacios (229 p.). Contestación / Eduardo Sanz y Escartín (p. 231-257). La crisis del derecho internacional / Joaquín Fernández Prida (p. 261-313). Contestación / Juan Armada Losada (p. 315-339). La ciudad moderna / Adolfo G. Posada (p. 342-458). Contestación / Gumersindo de Azcárate (p. 459-471). La función judicial / Tomás Montejo y Rica (542 p.). Contestación / Javier Ugarte (p. 543-559). Vida municipal / Conde de Romanones ( p. 561-682). Contestación / Vicente Santa María de Paredes (p. 683-702). La reforma social en España / Adolfo A. Buylla y G. Alegre (p. 703-781). Contestación / Rafael Altamira y Crevea (p. 783-798). | |
| 700 | 1 |
_aAsín Palacios, Miguel. _923614 |
|
| 700 | 1 |
_aSanz y Escartín, Eduardo, _d1855-1939 _9103695 |
|
| 700 | 1 |
_aFernández Prida, Joaquín. _950011 |
|
| 700 | 1 |
_aFigueroa, Juan Armada y Losada, _cMarqués de, _d1861-1932 _950781 |
|
| 700 | 1 |
_aPosada, Adolfo, _d1860-1944 _993316 |
|
| 700 | 1 |
_aAzcárate, Gumersindo de, _d1840-1917 _924243 |
|
| 700 | 1 |
_aMontejo y Rica, Tomás ( _d1856-1933) _982445 |
|
| 700 | 1 |
_aUgarte y Pagés, Javier. _9111900 |
|
| 700 | 1 |
_aSantamaría de Paredes, Vicente, _d1853-1924 _9103306 |
|
| 700 | 1 |
_aRomanones, Álvaro de Figueroa y Torres, _cConde de, _d1863-1950 _999264 |
|
| 700 | 1 |
_aBuylla y González Alegre, Adolfo A., _d1850-1927 _932991 |
|
| 700 | 1 |
_aAltamira, Rafael, _d1866-1951 _920515 |
|
| 852 |
_aES-MaACL _jK-193 |
||
| 999 |
_c173059 _d173059 |
||